Introduction to the design and analysis of algorithms : (Record no. 71105)

MARC details
000 -LEADER
fixed length control field 01131nam a22002777a 4500
005 - DATE AND TIME OF LATEST TRANSACTION
control field 20121026114228.0
008 - FIXED-LENGTH DATA ELEMENTS--GENERAL INFORMATION
fixed length control field 121026t xxu||||| |||| 00| 0 eng d
010 ## - LCCN (DPL NO)
LC control number ENG-106136
020 ## - INTERNATIONAL STANDARD BOOK NUMBER
International Standard Book Number 9781259025822
Terms of availability 450.00
020 ## - INTERNATIONAL STANDARD BOOK NUMBER
International Standard Book Number 1259025829
Terms of availability 450.00
035 ## - SYSTEM CONTROL NUMBER
System control number EN-89669
037 ## - SOURCE OF ACQUISITION
Source of stock number/acquisition DBAD/PUB
040 ## - CATALOGING SOURCE
Original cataloging agency DPL
Language of cataloging Eng
082 00 - DEWEY DECIMAL CLASSIFICATION NUMBER
Classification number 005.1
Edition number 23
245 10 - TITLE STATEMENT
Title Introduction to the design and analysis of algorithms :
Statement of responsibility, etc by R.C.T. Lee...[et al]
Remainder of title a strategic approach /
246 3# - VARYING FORM OF TITLE
Title proper/short title Introduction to the design and analysis of algorithms
260 ## - PUBLICATION, DISTRIBUTION, ETC. (IMPRINT)
Place of publication, distribution, etc New Delhi
Name of publisher, distributor, etc Tata McGraw Hill
Date of publication, distribution, etc 2012
270 ## - ADDRESS
Address 7 West Patel Nagar
City New Delhi
Postal code 110008
300 ## - PHYSICAL DESCRIPTION
Extent xxv,723p. :
Other physical details ill.
Dimensions 24cm(pbk)
500 ## - GENERAL NOTE
General note Includes bibliographical references and indexes
650 #0 - SUBJECT ADDED ENTRY--TOPICAL TERM
Topical term or geographic name as entry element Computer algorithms.
9 (RLIN) 53368
700 ## - ADDED ENTRY--PERSONAL NAME
Personal name Lee, R.C.T.
9 (RLIN) 53369
942 ## - ADDED ENTRY ELEMENTS (KOHA)
Source of classification or shelving scheme Dewey Decimal Classification
Item type English Books
Classification part 005.1
Call number suffix INT
Holdings
Withdrawn status Lost status Source of classification or shelving scheme Damaged status Not for loan Collection code Home library Current library Date acquired Source of acquisition Cost, normal purchase price Total Checkouts Full call number Barcode Date last seen Copy number Cost, replacement price Koha item type
    Dewey Decimal Classification   Not For Loan Non-fiction D.B.Act.Division D.B.Act.Division 26/10/2012 DBAD/PUB 450.00   005.1 INT EN-89669 26/10/2012 1 450.00 English Books

© Delhi Public Library
Hit Counter
free hit counter